[Event "Oberliga Ost-A 1415"]
[Site "Germany"]
[Date "2015.04.11"]
[Round "10.8"]
[White "Pfeiffer, Alfred"]
[Black "Kuehn, Karsten"]
[Result "1/2-1/2"]
[WhiteElo "2074"]
[BlackElo "2153"]
[PlyCount "55"]
[EventDate "2014.09.21"]
[EventType "team-tourn"]
[EventRounds "11"]
[EventCountry "GER"]
[SourceTitle "EXT 2016"]
[Source "ChessBase"]
[SourceDate "2015.10.08"]
[SourceVersion "1"]
[SourceVersionDate "2015.10.08"]
[SourceQuality "1"]
[WhiteTeam "Chemnitz USG"]
[BlackTeam "Halle Volksbank"]
[WhiteTeamCountry "GER"]
[BlackTeamCountry "GER"]

1. e4 e6 2. d4 d5 3. exd5 exd5 4. Bd3 Bd6 5. Nc3 Ne7 6. Nge2 0-0 7. 0-0 c6 8. Bf4 Bf5 9. Re1 Bxd3 10. Qxd3 Na6 11. a3 Nc7 12. Bxd6 Qxd6 13. Ng3 Ne6 14. Nce2 Rfe8 15. Nf5 Nxf5 16. Qxf5 Re7 17. Qg4 Rae8 18. Ng3 Qf4 19. Qxf4 Nxf4 20. Rxe7 Rxe7 21. Kf1 g6 22. Rd1 Kg7 23. Rd2 Kf6 24. f3 h5 25. Ne2 Kf5 26. Nxf4 Kxf4 27. Re2 Rxe2 28. Kxe2 1/2-1/2

[Event "Regionalliga SO 0809"]
[Site "Bayern"]
[Date "2009.03.01"]
[Round "7.5"]
[White "Kuehn, Karsten"]
[Black "Gschwendtner, Klaus"]
[Result "1/2-1/2"]
[WhiteElo "1987"]
[BlackElo "2070"]
[PlyCount "105"]
[EventDate "2008.10.05"]
[EventType "team-tourn"]
[EventRounds "9"]
[EventCountry "GER"]
[SourceTitle "EXT 2020"]
[Source "ChessBase"]
[SourceDate "2019.10.17"]
[SourceVersion "1"]
[SourceVersionDate "2019.10.17"]
[SourceQuality "1"]
[WhiteTeam "Graefelfing"]
[BlackTeam "Starnberg"]
[WhiteTeamCountry "GER"]
[BlackTeamCountry "GER"]

1. e4 e5 2. Nf3 Nc6 3. Bb5 a6 4. Ba4 Nf6 5. d3 b5 6. Bb3 Bc5 7. Bg5 h6 8. Bh4 d6 9. c3 Bb6 10. 0-0 Bg4 11. h3 Bd7 12. Re1 g5 13. Bg3 Nh5 14. Nxe5 Nxg3 15. Nxd7 Qxd7 16. d4 Nxe4 17. Rxe4+ Kf8 18. Qf3 Re8 19. Nd2 Kg7 20. Rae1 Nd8 21. Qe2 Rxe4 22. Qxe4 Rf8 23. Nf1 f5 24. Qe2 c6 25. Ng3 a5 26. a3 b4 27. axb4 axb4 28. Bc2 bxc3 29. bxc3 c5 30. Qd3 cxd4 31. cxd4 Nc6 32. Nxf5+ Rxf5 33. Qxf5 Qxf5 34. Bxf5 Nxd4 35. Bd3 Kf6 36. Re8 h5 37. Rh8 h4 38. Rg8 Ne6 39. Bc4 Nf4 40. Rb8 Bd4 41. Kf1 d5 42. Ba2 Bc3 43. g3 hxg3 44. fxg3 Nh5 45. Bxd5 Nxg3+ 46. Kg2 Nf5 47. Kf3 Bd2 48. Be4 Nh4+ 49. Kg4 Ke5 50. Re8+ Kf6 51. Bb1 Bf4 52. Rf8+ Kg7 53. Rxf4 1/2-1/2

[Event "Regionalliga SO 0708"]
[Site "Bayern"]
[Date "2007.11.25"]
[Round "3.6"]
[White "Holl, Andreas"]
[Black "Kuehn, Karsten"]
[Result "1-0"]
[WhiteElo "2106"]
[BlackElo "2035"]
[PlyCount "69"]
[EventDate "2007.10.21"]
[EventType "team-tourn"]
[EventRounds "9"]
[EventCountry "GER"]
[SourceTitle "EXT 2009"]
[Source "ChessBase"]
[SourceDate "2008.11.26"]
[SourceVersion "1"]
[SourceVersionDate "2008.11.26"]
[SourceQuality "1"]
[WhiteTeam "Ingolstadt"]
[BlackTeam "Graefelfing"]
[WhiteTeamCountry "GER"]
[BlackTeamCountry "GER"]

1. d4 Nf6 2. Nf3 e6 3. c4 b6 4. g3 Bb7 5. Bg2 d5 6. Ne5 Bb4+ 7. Bd2 Bxd2+ 8. Qxd2 0-0 9. Nc3 Nbd7 10. 0-0 Qe7 11. Rac1 Rfd8 12. Nd3 c5 13. cxd5 exd5 14. Nf4 Qd6 15. dxc5 Nxc5 16. Rfd1 Qe5 17. b4 Ne6 18. Nfxd5 Bxd5 19. Nxd5 Nxd5 20. Bxd5 Rab8 21. f4 Qh5 22. e4 Rd7 23. f5 Ng5 24. Qe3 Re8 25. Rf1 Rde7 26. h4 Nxe4 27. Bxe4 h6 28. Rf4 g5 29. fxg6 f5 30. Bd5+ Kg7 31. Qf3 Qxg6 32. Rxf5 Re3 33. Rf7+ Kh8 34. Rf8+ Kg7 35. Rc7+ 1-0

[Event "Regionalliga SO 0607"]
[Site "Bayern"]
[Date "2007.04.01"]
[Round "8.6"]
[White "Huber, Edwin"]
[Black "Kuehn, Karsten"]
[Result "0-1"]
[WhiteElo "2024"]
[BlackElo "2036"]
[PlyCount "40"]
[EventDate "2006.10.15"]
[EventType "team-tourn"]
[EventRounds "9"]
[EventCountry "GER"]
[SourceTitle "EXT 2008"]
[Source "ChessBase"]
[SourceDate "2007.11.25"]
[SourceVersion "1"]
[SourceVersionDate "2007.11.25"]
[SourceQuality "1"]
[WhiteTeam "Ilmmuenster"]
[BlackTeam "Graefelfing"]
[WhiteTeamCountry "GER"]
[BlackTeamCountry "GER"]

1. d4 Nf6 2. Nc3 d5 3. e4 dxe4 4. f3 exf3 5. Nxf3 Bf5 6. Bc4 e6 7. Ne5 Bd6 8. Qf3 Bxe5 9. dxe5 Nfd7 10. Qxb7 Qh4+ 11. g3 Qxc4 12. Qc8+ Ke7 13. Qxh8 Qg4 14. Bf4 Nb6 15. h4 Nc6 16. Bg5+ Qxg5 17. hxg5 Rxh8 18. 0-0-0 Nxe5 19. Rhe1 Nf3 20. Re3 Nxg5 0-1

[Event "Saarland-ch MB2"]
[Site "Saarlouis"]
[Date "2004.04.10"]
[Round "9"]
[White "Kuehn, Karsten"]
[Black "Fuchs, Alexander"]
[Result "1/2-1/2"]
[WhiteElo "2153"]
[BlackElo "2099"]
[PlyCount "78"]
[EventDate "2004.04.02"]
[EventType "tourn"]
[EventRounds "9"]
[EventCountry "GER"]
[SourceTitle "EXT 2005"]
[Source "ChessBase"]
[SourceDate "2004.11.15"]
[SourceVersion "1"]
[SourceVersionDate "2004.11.15"]
[SourceQuality "1"]

1. c4 Nf6 2. Nc3 d5 3. d4 g6 4. g3 Bg7 5. Bg2 c6 6. cxd5 cxd5 7. Qb3 e6 8. Nf3 0-0 9. 0-0 Nc6 10. Bg5 h6 11. Bxf6 Bxf6 12. Rfd1 b6 13. e4 dxe4 14. Nxe4 Bb7 15. Nxf6+ Qxf6 16. Qe3 Nb4 17. Rd2 Rac8 18. Qe5 Qe7 19. a3 Nd5 20. Re1 Rfd8 21. h4 Nf6 22. Qf4 Kg7 23. g4 Bxf3 24. Bxf3 Nd5 25. Qe5+ Qf6 26. Red1 g5 27. h5 Rd7 28. Bxd5 Rxd5 29. Qxf6+ Kxf6 30. Kg2 Rc4 31. Kf3 Ke7 32. Ke3 f5 33. f3 Kf6 34. Rd3 Rc2 35. R1d2 Rxd2 36. Rxd2 e5 37. dxe5+ Kxe5 38. Rc2 f4+ 39. Ke2 Kd6 1/2-1/2

[Event "Saarland-ch MB2"]
[Site "Saarlouis"]
[Date "2004.04.07"]
[Round "6"]
[White "Kuehn, Karsten"]
[Black "Mischke, Luis"]
[Result "1/2-1/2"]
[WhiteElo "2153"]
[BlackElo "2057"]
[PlyCount "61"]
[EventDate "2004.04.02"]
[EventType "tourn"]
[EventRounds "9"]
[EventCountry "GER"]
[SourceTitle "CBM 099 Extra"]
[Source "ChessBase"]
[SourceDate "2004.05.04"]
[SourceVersion "1"]
[SourceVersionDate "2004.05.04"]
[SourceQuality "1"]

1. Nf3 Nf6 2. g3 b6 3. Bg2 Bb7 4. 0-0 g6 5. c4 Bg7 6. Nc3 0-0 7. Rb1 d6 8. d3 Nbd7 9. b4 a5 10. a3 axb4 11. axb4 e5 12. Qb3 Qe7 13. Ba3 Rab8 14. Rfc1 c5 15. e4 Nh5 16. Rc2 Bc6 17. Nd5 Bxd5 18. cxd5 f5 19. Bc1 h6 20. Nh4 Kh7 21. Bh3 f4 22. Ra2 fxg3 23. fxg3 Ra8 24. Rba1 Rxa2 25. Rxa2 Nb8 26. bxc5 bxc5 27. Nxg6 Kxg6 28. Bf5+ Kf7 29. Be6+ Kg6 30. Bf5+ Kf7 31. Be6+ 1/2-1/2

[Event "Saarland-ch MB2"]
[Site "Saarlouis"]
[Date "2004.04.03"]
[Round "2"]
[White "Kuehn, Karsten"]
[Black "Klein, Joerg"]
[Result "1/2-1/2"]
[WhiteElo "2153"]
[BlackElo "2159"]
[PlyCount "69"]
[EventDate "2004.04.02"]
[EventType "tourn"]
[EventRounds "9"]
[EventCountry "GER"]
[SourceTitle "CBM 099 Extra"]
[Source "ChessBase"]
[SourceDate "2004.05.04"]
[SourceVersion "1"]
[SourceVersionDate "2004.05.04"]
[SourceQuality "1"]

1. Nf3 g6 2. d4 Bg7 3. e4 c6 4. Be2 d5 5. Nbd2 dxe4 6. Nxe4 Nd7 7. 0-0 Ngf6 8. Nxf6+ Nxf6 9. Bf4 0-0 10. c3 Qb6 11. Qc1 Bf5 12. Re1 Rae8 13. Ne5 Nd5 14. Nc4 Qd8 15. Bh6 Qc7 16. Bf3 f6 17. Bxg7 Kxg7 18. Ne3 Nxe3 19. Qxe3 a5 20. c4 e5 21. d5 c5 22. Bd1 Bd7 23. Rc1 Qd6 24. Qa3 b6 25. Ba4 Bxa4 26. Qxa4 f5 27. Rc3 Kf6 28. Rh3 Re7 29. Qb3 Kg7 30. Qe3 h5 31. Qg5 Kf7 32. Rb3 Rfe8 33. h4 Kg7 34. g3 Rb7 35. Qd2 1/2-1/2

[Event "Saarlouis op 6th"]
[Site "Saarlouis"]
[Date "2003.05.31"]
[Round "5"]
[White "Kuehn, Karsten"]
[Black "Kreuscher, Wolfgang2222"]
[Result "1/2-1/2"]
[WhiteElo "1931"]
[BlackElo "2069"]
[PlyCount "120"]
[EventDate "2003.05.??"]
[EventType "swiss"]
[EventRounds "7"]
[EventCountry "GER"]
[SourceTitle "EXT 2006"]
[Source "ChessBase"]
[SourceDate "2005.11.24"]
[SourceVersion "1"]
[SourceVersionDate "2005.11.24"]
[SourceQuality "1"]

1. Nf3 d5 2. c4 c6 3. g3 Nf6 4. Bg2 Bg4 5. Ne5 Bh5 6. d4 e6 7. Qb3 Qb6 8. Qxb6 axb6 9. Nc3 Bb4 10. f3 c5 11. Be3 Nc6 12. 0-0 cxd4 13. Nxc6 bxc6 14. Bxd4 Bc5 15. Bxc5 bxc5 16. cxd5 cxd5 17. Nb5 Ra5 18. a4 0-0 19. b4 cxb4 20. Rfb1 Bg6 21. Rxb4 h6 22. Nd4 Rc8 23. Nb3 Ra7 24. a5 Nd7 25. e4 Nc5 26. a6 Rc6 27. f4 Nd7 28. Rb7 Rxb7 29. axb7 Rb6 30. Ra8+ Kh7 31. exd5 Rxb3 32. dxe6 fxe6 33. Bc6 Bf5 34. Rd8 e5 35. Bxd7 Bxd7 36. b8Q Rxb8 37. Rxb8 exf4 38. gxf4 Kg6 39. Kf2 Kf6 40. Ke3 g5 41. Rh8 Kg7 42. Rd8 gxf4+ 43. Kxf4 Be6 44. Ke5 Bf7 45. Rd6 Be8 46. h4 Bf7 47. Rb6 Bh5 48. Kf5 Bf7 49. Rb7 h5 50. Kg5 Kg8 51. Kf6 Bc4 52. Kg6 Kh8 53. Kxh5 Bd3 54. Kg5 Bh7 55. Kh6 Bg8 56. h5 Bc4 57. Kg6 Bd3+ 58. Kf6 Bc2 59. Rg7 Bh7 60. Kf7 Bd3 1/2-1/2

[Event "Saarlouis op 6th"]
[Site "Saarlouis"]
[Date "2003.05.29"]
[Round "3"]
[White "Kuehn, Karsten"]
[Black "Mischke, Christian"]
[Result "1/2-1/2"]
[WhiteElo "1931"]
[BlackElo "1640"]
[PlyCount "94"]
[EventDate "2003.05.??"]
[EventType "swiss"]
[EventRounds "7"]
[EventCountry "GER"]
[SourceTitle "EXT 2006"]
[Source "ChessBase"]
[SourceDate "2005.11.24"]
[SourceVersion "1"]
[SourceVersionDate "2005.11.24"]
[SourceQuality "1"]

1. Nf3 Nf6 2. c4 e6 3. g3 d5 4. Bg2 Bd6 5. 0-0 0-0 6. d4 c6 7. b3 Re8 8. Bb2 Nbd7 9. Nc3 b6 10. Re1 Bb7 11. Rc1 Rc8 12. e4 dxe4 13. Ng5 h6 14. Ngxe4 Nxe4 15. Nxe4 Nf6 16. Nxd6 Qxd6 17. Qc2 Red8 18. Rcd1 Qc7 19. Rd2 a5 20. Qd1 Rd7 21. d5 cxd5 22. Bxf6 gxf6 23. cxd5 Bxd5 24. Qg4+ Kh7 25. Bxd5 Rxd5 26. Rxd5 exd5 27. Qf5+ Kg7 28. Qxd5 Qc6 29. Qf5 Re8 30. Qg4+ Kh7 31. Rd1 Qe6 32. Qxe6 Rxe6 33. Rd7 Kg6 34. Rb7 h5 35. Kg2 f5 36. a3 Kf6 37. Kh3 Kg7 38. Kh4 Kg6 39. f3 Rf6 40. Rb8 f4 41. Rg8+ Kh6 42. Rg5 fxg3 43. Rxh5+ Kg6 44. Rg5+ Kh6 45. Rxg3 Rf4+ 46. Kh3 Rd4 47. Kg2 Rd2+ 1/2-1/2

[Event "Landesliga Sued 0203"]
[Site "Bayern"]
[Date "2003.01.26"]
[Round "5.7"]
[White "Schulz, Michael2222"]
[Black "Kuehn, Karsten"]
[Result "1/2-1/2"]
[WhiteElo "2103"]
[BlackElo "2012"]
[PlyCount "80"]
[EventDate "2002.10.20"]
[EventType "team-tourn"]
[EventRounds "9"]
[EventCountry "GER"]
[SourceTitle "EXT 2004"]
[Source "ChessBase"]
[SourceDate "2003.11.25"]
[SourceVersion "1"]
[SourceVersionDate "2003.11.25"]
[SourceQuality "1"]
[WhiteTeam "Muenchen Tarrasch"]
[BlackTeam "Graefelfing"]
[WhiteTeamCountry "GER"]
[BlackTeamCountry "GER"]

1. d4 Nf6 2. Nf3 e6 3. c3 b6 4. Bg5 Be7 5. Nbd2 Bb7 6. e3 0-0 7. Bd3 d5 8. Ne5 Ne4 9. Bxe7 Qxe7 10. Qc2 f5 11. 0-0 Nxd2 12. Qxd2 Nd7 13. f4 Nxe5 14. fxe5 Rad8 15. b4 c5 16. bxc5 bxc5 17. Rab1 c4 18. Be2 Bc6 19. Rb4 Qc7 20. Rfb1 Qe7 21. Bf3 Rc8 22. Kh1 Qh4 23. g3 Qh6 24. Qe2 Kh8 25. Bg2 g5 26. Rf1 Qg6 27. Qb2 h5 28. Qa3 Rf7 29. Qa6 Rcc7 30. Rb8+ Kh7 31. Rd8 f4 32. exf4 gxf4 33. Qa3 fxg3 34. Rf8 gxh2 35. Rf6 Rxf6 36. Rxf6 Qg5 37. Qf8 Rg7 38. Rf2 Qg6 39. Qf6 Qxf6 40. Rxf6 Re7 1/2-1/2

[Event "Landesliga Sued 0203"]
[Site "Bayern"]
[Date "2003.01.12"]
[Round "4.8"]
[White "Gnegel, Boris Igor"]
[Black "Kuehn, Karsten"]
[Result "1/2-1/2"]
[WhiteElo "2026"]
[BlackElo "2012"]
[PlyCount "65"]
[EventDate "2002.10.20"]
[EventType "team-tourn"]
[EventRounds "9"]
[EventCountry "GER"]
[SourceTitle "EXT 2004"]
[Source "ChessBase"]
[SourceDate "2003.11.25"]
[SourceVersion "1"]
[SourceVersionDate "2003.11.25"]
[SourceQuality "1"]
[WhiteTeam "Tegernsee II"]
[BlackTeam "Graefelfing"]
[WhiteTeamCountry "GER"]
[BlackTeamCountry "GER"]

1. e4 c6 2. d4 d5 3. exd5 cxd5 4. c4 e6 5. Nf3 Nf6 6. Be2 a6 7. a4 dxc4 8. 0-0 b6 9. Nbd2 Be7 10. Nxc4 Nd5 11. Ne3 Bb7 12. Nxd5 Bxd5 13. Bf4 Bd6 14. Qd2 Nc6 15. Rfd1 Na5 16. Bxd6 Qxd6 17. Qg5 0-0 18. h4 h6 19. Qe3 Nb3 20. Ra3 Qb4 21. Ne5 Na5 22. Nd3 Qe7 23. Nf4 Qxh4 24. Nxd5 exd5 25. b4 Nc6 26. b5 axb5 27. Bxb5 Na5 28. Qe5 Qg5 29. Rg3 Qxe5 30. dxe5 Rfd8 31. Rgd3 Kf8 32. Rxd5 Rxd5 33. Rxd5 1/2-1/2

[Event "Landesliga Sued 0203"]
[Site "Bayern"]
[Date "2002.12.15"]
[Round "3.8"]
[White "Kuehn, Karsten"]
[Black "Haizmann, Thomas"]
[Result "1/2-1/2"]
[WhiteElo "2012"]
[BlackElo "2112"]
[PlyCount "84"]
[EventDate "2002.10.20"]
[EventType "team-tourn"]
[EventRounds "9"]
[EventCountry "GER"]
[SourceTitle "EXT 2004"]
[Source "ChessBase"]
[SourceDate "2003.11.25"]
[SourceVersion "1"]
[SourceVersionDate "2003.11.25"]
[SourceQuality "1"]
[WhiteTeam "Graefelfing"]
[BlackTeam "Muenchen Siemens"]
[WhiteTeamCountry "GER"]
[BlackTeamCountry "GER"]

1. e4 Nf6 2. e5 Nd5 3. c4 Nb6 4. d4 d6 5. Nf3 Bg4 6. exd6 exd6 7. h3 Bh5 8. Bd3 Nc6 9. Be3 Be7 10. 0-0 0-0 11. Nc3 Bf6 12. g4 Bg6 13. Bxg6 hxg6 14. b3 Qd7 15. Re1 Rfe8 16. Qd2 Rad8 17. Rad1 Kf8 18. Kg2 d5 19. c5 Nc8 20. Ne2 Kg8 21. Nf4 Re4 22. Ne2 Rde8 23. Ng3 R4e6 24. Re2 b6 25. b4 Nb8 26. Bf4 Rxe2 27. Nxe2 Bd8 28. Nc3 Bf6 29. a3 Nc6 30. Nb5 Bd8 31. Qd3 a6 32. Nc3 b5 33. Qb1 Re6 34. Qb3 N8e7 35. Ng5 Rf6 36. Be5 Nxe5 37. dxe5 Rf4 38. Ne2 Rxg4+ 39. hxg4 Qxg4+ 40. Ng3 Qxg5 41. Qe3 Qg4 42. Re1 Nf5 1/2-1/2

[Event "Thueringen-ch HT"]
[Site "Germany"]
[Date "2002.03.29"]
[Round "4"]
[White "Kuehn, Karsten"]
[Black "Graef, Michael"]
[Result "1-0"]
[WhiteElo "2167"]
[BlackElo "2110"]
[PlyCount "73"]
[EventDate "2002.03.??"]
[EventType "swiss"]
[EventRounds "9"]
[EventCountry "GER"]
[SourceTitle "EXT 2005"]
[Source "ChessBase"]
[SourceDate "2004.11.15"]
[SourceVersion "1"]
[SourceVersionDate "2004.11.15"]
[SourceQuality "1"]

1. e4 c6 2. d4 d5 3. Nc3 dxe4 4. Nxe4 Nd7 5. Bc4 Ngf6 6. Ng5 e6 7. N1f3 h6 8. Nh3 Nb6 9. Bb3 a5 10. c3 a4 11. Bc2 a3 12. b3 Nbd5 13. Bd2 Bd6 14. 0-0 Qc7 15. c4 Nf4 16. Nxf4 Bxf4 17. Bxf4 Qxf4 18. Re1 0-0 19. Qd3 Rd8 20. Re5 c5 21. Rxc5 b6 22. g3 Qg4 23. Rc7 Ra5 24. d5 Qh5 25. b4 Ra8 26. d6 e5 27. Nd2 Qh3 28. f3 g6 29. Ne4 Nxe4 30. Qxe4 Bf5 31. Qd5 Rf8 32. Bxf5 Qxf5 33. Re1 Qc2 34. Rxf7 Rxf7 35. Qxa8+ Kg7 36. Qd5 Qxa2 37. d7 1-0

[Event "Saarlouis op 4th"]
[Site "Saarlouis"]
[Date "2001.05.27"]
[Round "9"]
[White "Ferner, Joachim"]
[Black "Kuehn, Karsten"]
[Result "1-0"]
[WhiteElo "1754"]
[BlackElo "1906"]
[PlyCount "95"]
[EventDate "2001.05.??"]
[EventType "swiss"]
[EventRounds "9"]
[EventCountry "GER"]
[SourceTitle "EXT 2006"]
[Source "ChessBase"]
[SourceDate "2005.11.24"]
[SourceVersion "1"]
[SourceVersionDate "2005.11.24"]
[SourceQuality "1"]

1. e4 c6 2. d4 d5 3. Nc3 dxe4 4. Nxe4 Nd7 5. Nf3 Ngf6 6. Nxf6+ Nxf6 7. Bc4 e6 8. 0-0 Be7 9. Qe2 0-0 10. Re1 c5 11. dxc5 Bxc5 12. Be3 Bxe3 13. Qxe3 Qc7 14. Bd3 Bd7 15. Ne5 Bc6 16. Qg3 Rac8 17. Re3 Rfd8 18. Rae1 Qb6 19. Nxf7 Kxf7 20. Rxe6 Qc7 21. Qe3 Kg8 22. Bc4 Bd5 23. Bxd5 Rxd5 24. Rxf6 Re5 25. Qxe5 Qxe5 26. Rxe5 gxf6 27. Re2 Rd8 28. g3 Rd1+ 29. Kg2 Ra1 30. Re7 Rxa2 31. Rxb7 Ra6 32. b4 Rc6 33. b5 Rxc2 34. Rxa7 Rb2 35. Rb7 Rb3 36. g4 Rb4 37. Kg3 Rb3+ 38. f3 Rb4 39. h4 Kh8 40. g5 f5 41. h5 Kg8 42. b6 h6 43. gxh6 Kh8 44. f4 Kg8 45. Kh4 Rxf4+ 46. Kg5 Rb4 47. h7+ Kh8 48. Kh6 1-0

[Event "Bayern-chI Bank Hofmann 4th"]
[Site "Bad Wiessee"]
[Date "2000.11.05"]
[Round "9"]
[White "Kahn, Manfred"]
[Black "Kuehn, Karsten"]
[Result "1-0"]
[WhiteElo "2189"]
[BlackElo "2162"]
[PlyCount "75"]
[EventDate "2000.10.28"]
[EventType "swiss"]
[EventRounds "9"]
[EventCountry "GER"]
[SourceTitle "EXT 2003"]
[Source "ChessBase"]
[SourceDate "2002.11.25"]
[SourceVersion "1"]
[SourceVersionDate "2002.11.25"]
[SourceQuality "1"]

1. c4 Nf6 2. Nc3 b6 3. e4 Bb7 4. d3 d6 5. g3 e6 6. Bg2 Nbd7 7. Nge2 Qc8 8. 0-0 Be7 9. h3 0-0 10. Be3 c5 11. f4 a6 12. g4 Ne8 13. Ng3 Rb8 14. a4 Bc6 15. d4 cxd4 16. Bxd4 Ba8 17. b3 Bf6 18. Bxf6 Ndxf6 19. Qd3 Nd7 20. b4 Qc7 21. Rfd1 Rc8 22. Bf1 d5 23. exd5 Qxf4 24. Nh5 Qb8 25. Re1 g6 26. Ng3 Ne5 27. Qe3 Nxc4 28. Bxc4 Rxc4 29. dxe6 f6 30. Rad1 Qb7 31. Re2 Qc8 32. e7 Rf7 33. Rd8 Qc6 34. b5 axb5 35. axb5 Rxc3 36. bxc6 Rxe3 37. Rxe8+ Kg7 38. Rxe3 1-0

[Event "Bayern-chI Bank Hofmann 4th"]
[Site "Bad Wiessee"]
[Date "2000.10.30"]
[Round "3"]
[White "Schmid, Hermann"]
[Black "Kuehn, Karsten"]
[Result "0-1"]
[WhiteElo "2190"]
[BlackElo "2162"]
[PlyCount "48"]
[EventDate "2000.10.28"]
[EventType "swiss"]
[EventRounds "9"]
[EventCountry "GER"]
[SourceTitle "EXT 2003"]
[Source "ChessBase"]
[SourceDate "2002.11.25"]
[SourceVersion "1"]
[SourceVersionDate "2002.11.25"]
[SourceQuality "1"]

1. d4 Nf6 2. Nf3 e6 3. e3 b6 4. Bd3 Bb7 5. Nbd2 d5 6. Ne5 Nbd7 7. f4 Bd6 8. Qf3 c5 9. c3 Qc7 10. 0-0 0-0 11. g4 g6 12. Rf2 Ne8 13. Qh3 Ng7 14. Nf1 Bxe5 15. fxe5 f6 16. exf6 Rxf6 17. Rxf6 Nxf6 18. Bd2 Qe7 19. Qg3 Re8 20. h3 e5 21. Bb5 Ne4 22. Qh2 Rf8 23. Be1 Ng5 24. Nd2 exd4 0-1

[Event "Landesliga Sued 9900"]
[Site "Bayern"]
[Date "2000.01.30"]
[Round "5.7"]
[White "Kuehn, Karsten"]
[Black "Hackbarth, Wolfgang"]
[Result "1-0"]
[WhiteElo "2050"]
[BlackElo "2030"]
[PlyCount "61"]
[EventDate "1999.10.10"]
[EventType "team-tourn"]
[EventRounds "9"]
[EventCountry "GER"]
[SourceTitle "EXT 2020"]
[Source "ChessBase"]
[SourceDate "2019.10.17"]
[SourceVersion "1"]
[SourceVersionDate "2019.10.17"]
[SourceQuality "1"]
[WhiteTeam "Graefelfing SK"]
[BlackTeam "Pfarrkirchen SC"]
[WhiteTeamCountry "GER"]
[BlackTeamCountry "GER"]

1. e4 e5 2. Nf3 Nc6 3. Bc4 Nf6 4. d3 Be7 5. a3 0-0 6. Nc3 d6 7. Be3 Be6 8. Nd5 Nb8 9. c3 Nxd5 10. Bxd5 Bxd5 11. exd5 Nd7 12. Qd2 f5 13. Bg5 Nc5 14. Bxe7 Qxe7 15. Qe2 e4 16. dxe4 fxe4 17. 0-0 Qf7 18. Nd2 Qxd5 19. b4 Na4 20. Nxe4 Rae8 21. Rae1 Qe5 22. Qd2 h6 23. Re3 Nb6 24. Rfe1 Nc4 25. Qa2 d5 26. Nf6+ Qxf6 27. Rxe8 Qxc3 28. Rxf8+ Kxf8 29. Qe2 Kg8 30. Qe6+ Kh8 31. Qc8+ 1-0

[Event "Landesliga Sued 9900"]
[Site "Bayern"]
[Date "1999.10.10"]
[Round "1.7"]
[White "Rubke, Manfred"]
[Black "Kuehn, Karsten"]
[Result "1/2-1/2"]
[WhiteElo "2135"]
[BlackElo "2050"]
[PlyCount "81"]
[EventDate "1999.10.10"]
[EventType "team-tourn"]
[EventRounds "9"]
[EventCountry "GER"]
[SourceTitle "EXT 2020"]
[Source "ChessBase"]
[SourceDate "2019.10.17"]
[SourceVersion "1"]
[SourceVersionDate "2019.10.17"]
[SourceQuality "1"]
[WhiteTeam "Haunstetten TSV"]
[BlackTeam "Graefelfing SK"]
[WhiteTeamCountry "GER"]
[BlackTeamCountry "GER"]

1. c4 Nf6 2. Nf3 e6 3. g3 d5 4. b3 Be7 5. Bg2 0-0 6. Bb2 Nbd7 7. 0-0 Ne4 8. Nc3 Bf6 9. Qc2 Nxc3 10. Bxc3 Bxc3 11. Qxc3 c6 12. d4 Re8 13. Rfe1 Qf6 14. e4 dxe4 15. Rxe4 Qd8 16. Rae1 Nf6 17. Rf4 Rf8 18. Ne5 Ne8 19. Qf3 f6 20. h4 Nd6 21. Nd3 Nf7 22. Rfe4 Nd6 23. Rf4 Nf7 24. Rd1 g5 25. hxg5 fxg5 26. Re4 Nd6 27. Qh5 Nxe4 28. Bxe4 Rf7 29. Ne5 Rg7 30. Kg2 Bd7 31. Rh1 Qe7 32. c5 Rf8 33. b4 Be8 34. Qe2 Qd8 35. Qd3 Qe7 36. Rh6 Rf6 37. Rh2 Bg6 38. Bxg6 hxg6 39. Rh6 Qe8 40. Qe3 Rf5 41. Qe2 1/2-1/2